000 00626nam a2200253Ia 4500
005 20260121154848.0
008 008 260114s9999 xx 000 0 eng d
020 _a9781003138662
037 _aEBOOK
040 _aCRL
040 _beng
040 _cCRL
041 _2eng
041 _aeng
084 _qCRL
100 _a Knut D›rum; Mats Hallenberg; Kimmo Katajala
_91012419
245 0 _aBringing the People Back In
260 _bTaylor and Francis
260 _c2021
856 _uhttp://www.taylorfrancis.com/books/9781003138662
942 _cEBOOK
999 _c1579238
_d1579238